000 00530nam a2200181Ia 4500
999 _c30743
_d30743
003 OSt
005 20200724142949.0
008 190216s9999||||xx |||||||||||||| ||und||
020 _a0706909844
040 _coclc
082 _a515
_bBUR/S
100 _aBurkill, J C
_93747
245 2 _aA Second Course In Mathematical Analysis /
_cJ C Burkill ; H Burkill
260 _bVikas Publishing House,
_c1970.
_aNew Delhi:
300 _a526p
650 _aMathematics
942 _cBK
_2ddc
_h515
_iBUR/S
_k515
_mBUR/S